[Event "Ketrzyn op 9th"]
[Site "Ketrzyn"]
[Date "2006.12.29"]
[Round "6.8"]
[White "Kovalev, Vladislav"]
[Black "Czartoryski, Pawel"]
[Result "0-1"]
[WhiteElo "2095"]
[BlackElo "2065"]
[PlyCount "112"]
[EventDate "2006.12.27"]
[EventType "swiss"]
[EventRounds "9"]
[EventCountry "POL"]
[SourceTitle "EXT 2023"]
[Source "ChessBase"]
[SourceDate "2022.10.05"]
[SourceVersion "1"]
[SourceVersionDate "2022.10.05"]
[SourceQuality "1"]

1. e4 d6 2. d4 Nf6 3. Nc3 g6 4. f4 Bg7 5. Nf3 0-0 6. Bd3 c5 7. dxc5 dxc5 8. e5 Nd5 9. Nxd5 Qxd5 10. Qe2 Nc6 11. Be4 Qd7 12. Be3 b6 13. 0-0 Bb7 14. Rad1 Qc7 15. Ng5 Rad8 16. Qf3 h6 17. Nh3 Rxd1 18. Rxd1 Rd8 19. c3 Rxd1+ 20. Qxd1 Nxe5 21. Bxb7 Nc4 22. Qe2 Nxe3 23. Be4 Nf5 24. Bxf5 gxf5 25. Qd2 Qc8 26. Qd5 e6 27. Qd2 c4 28. Nf2 Qc5 29. Kf1 Bf8 30. Nd1 Bd6 31. g3 Qc6 32. Qg2 Qe4 33. Qd2 Bc5 34. a3 Qc6 35. Qg2 Qe4 36. Qh3 Kg7 37. Qh5 Qh1+ 38. Ke2 Qg2+ 39. Ke1 Bg1 40. Qe2 Qe4 41. Kf1 Bc5 42. Ke1 b5 43. Kd2 Kg6 44. h3 f6 45. Qf1 e5 46. h4 Qd5+ 47. Kc1 h5 48. Qe2 e4 49. Ne3 Qd3 50. Qxd3 cxd3 51. Nd5 Kf7 52. Kd2 Bf2 53. b3 Bxg3 54. c4 bxc4 55. bxc4 Ke6 56. Ke3 Bxh4 0-1

[Event "Ketrzyn op 9th"]
[Site "Ketrzyn"]
[Date "2006.12.28"]
[Round "3.7"]
[White "Czartoryski, Pawel"]
[Black "Gawronski, Miroslaw"]
[Result "0-1"]
[WhiteElo "2065"]
[BlackElo "2168"]
[PlyCount "91"]
[EventDate "2006.12.27"]
[EventType "swiss"]
[EventRounds "9"]
[EventCountry "POL"]
[SourceTitle "EXT 2023"]
[Source "ChessBase"]
[SourceDate "2022.10.05"]
[SourceVersion "1"]
[SourceVersionDate "2022.10.05"]
[SourceQuality "1"]

1. d4 d5 2. c4 dxc4 3. Nc3 a6 4. a4 Nc6 5. Nf3 Nf6 6. e4 Na5 7. Ne5 c6 8. Bg5 Be6 9. Be3 Nd7 10. f4 Nxe5 11. fxe5 g6 12. d5 Bd7 13. Qf3 Bg7 14. Qg3 e6 15. d6 Nb3 16. Rd1 Qa5 17. Bxc4 Qb4 18. Bxb3 Qxb3 19. Qh4 0-0 20. 0-0 Qxb2 21. Bd4 Qb4 22. Ne2 c5 23. Be3 Bxa4 24. Rb1 Qc4 25. Ng3 Bc6 26. Rbc1 Qd3 27. Bxc5 Bxe5 28. d7 Bd4+ 29. Kh1 Bxc5 30. Rxc5 Qxd7 31. Nh5 f5 32. Nf6+ Rxf6 33. Qxf6 Bxe4 34. Rfc1 Bc6 35. h4 Re8 36. Qe5 Qe7 37. Qf4 e5 38. Qf2 Qf6 39. R5c2 f4 40. Rf1 Rf8 41. Rc5 e4 42. Rg5 e3 43. Qa2+ Rf7 44. Qc2 f3 45. gxf3 Bxf3+ 46. Kg1 0-1

[Event "Ketrzyn op 9th"]
[Site "Ketrzyn"]
[Date "2006.12.28"]
[Round "5.13"]
[White "Czartoryski, Pawel"]
[Black "Major, Boguslaw"]
[Result "1-0"]
[WhiteElo "2065"]
[BlackElo "1859"]
[PlyCount "94"]
[EventDate "2006.12.27"]
[EventType "swiss"]
[EventRounds "9"]
[EventCountry "POL"]
[SourceTitle "EXT 2023"]
[Source "ChessBase"]
[SourceDate "2022.10.05"]
[SourceVersion "1"]
[SourceVersionDate "2022.10.05"]
[SourceQuality "1"]

1. d4 Nf6 2. c4 g6 3. Nc3 d5 4. cxd5 Nxd5 5. e4 Nxc3 6. bxc3 c5 7. Bc4 Bg7 8. Be3 0-0 9. Ne2 Nc6 10. h4 h5 11. Qd2 Qc7 12. Rc1 Rd8 13. Qb2 Bg4 14. f3 Bd7 15. Kf2 Na5 16. Bd5 Bc6 17. Bb3 Nxb3 18. axb3 e6 19. dxc5 Rd3 20. Qc2 Rxe3 21. Kxe3 Bh6+ 22. Kf2 Bxc1 23. Qxc1 Bb5 24. b4 Bxe2 25. Kxe2 Qg3 26. Qg5 Qc7 27. Rd1 a5 28. Rd6 axb4 29. cxb4 Ra2+ 30. Ke3 Kg7 31. e5 Ra8 32. g4 hxg4 33. fxg4 Ra3+ 34. Kf4 Ra8 35. Qf6+ Kh7 36. Kg5 Rg8 37. h5 b6 38. Rxe6 gxh5+ 39. Kxh5 Rg6 40. Re7 Rxf6 41. Rxc7 Rh6+ 42. Kg5 Rg6+ 43. Kf5 Kg7 44. e6 b5 45. g5 Rxe6 46. Rc8 Rg6 47. c6 Rxc6 1-0